000 00878nam a2200181Ia 4500
001 2507
003 GE_BSU
008 181216s||||||||xx |||||||||||||| ||und||
040 _cGE_BSU
080 _a176
245 _aინსტრუქცია DIGNITAS PERSONAE პიროვნების ღირსება რამდენიმე საკითხი ბიოთეკის შესახებ.
245 _bსულხან საბა ორბელიანის სახ. თეოლოგიის კულტურისა და ისტორიის ინ–ტი რწმენის მოძღვრების კონფერენცია
245 _c[რედ. ფეიქრიშვილი, ჟუჟუნა
260 _aთბილისი
260 _c2009
300 _a45 გვ.
942 _cBK
999 _c36588
_d36588